=LDR 00000nam 2200000 4500 =001 NUTBA000000000003809 =005 20251029102116 =035 ##$$a 0010-081400000000654 =008 251029################g##########0#ind## =020 ##$$a 978-979-29-1540-2 =040 ##$$a NBPDMAT =082 ##$$a 540.76 =084 ##$$a 540.76 Agu i =090 ##$$a 540.76 Agu i =100 ##$$a Agus Kamaludin =245 1#$$a Intisari kimia : $b Tip dan trik kilat menaklukkan kimia SMA (kelas X, XI, XII) /$c Agus Kamaludin; Editor, Westriningsih =260 ##$$a Yogyakarta :$b Andi,$c 2010 =300 ##$$a vii, 287 hlm. : $b ilus. ; $c 23x19 cm. =650 #4$$a Kimia-SMA-Soal,dsb =700 #$$a Westriningsih =990 ##$$a 21409422 =990 ##$$a 21409423 =990 ##$$a 21409424 =990 ##$$a 21409425 =990 ##$$a 21409426 =990 ##$$a 0001/BPAP-NTB/20142014 =990 ##$$a 21409422 =990 ##$$a 21409423 =990 ##$$a 21409424 =990 ##$$a 21409425 =990 ##$$a 21409426 =990 ##$$a 0001/BPAP-NTB/20142014 =990 ##$$a 21409424 =990 ##$$a 21409422 =990 ##$$a 21409423 =990 ##$$a 21409425 =990 ##$$a 21409426 =990 ##$$a 0001/BPAP-NTB/20142014 =990 ##$$a 21409423 =990 ##$$a 21409422 =990 ##$$a 21409424 =990 ##$$a 21409425 =990 ##$$a 21409426 =990 ##$$a 0001/BPAP-NTB/20142014 =990 ##$$a 21409425 =990 ##$$a 21409422 =990 ##$$a 21409423 =990 ##$$a 21409424 =990 ##$$a 21409426 =990 ##$$a 0001/BPAP-NTB/20142014 =990 ##$$a 21409426 =990 ##$$a 21409422 =990 ##$$a 21409423 =990 ##$$a 21409424 =990 ##$$a 21409425 =990 ##$$a 0001/BPAP-NTB/20142014 =990 ##$$a 21409310 =990 ##$$a 21409422 =990 ##$$a 21409423 =990 ##$$a 21409424 =990 ##$$a 21409425 =990 ##$$a 21409426